OU Starting Lineup - Statistics

General Stats
  • This quiz has been taken 13 times
  • The average score is 16 of 31
Answer Stats
Hint Answer % Correct
QB 11 Jackson Arnold
100%
QB 9 Michael Hawkins
88%
WR 6 Deion Burks
75%
HB 27 Gavin Sawchuck
75%
DB 2 Billy Bowman
63%
LB 28 Danny Stutsman
63%
DT 0 David Stone
63%
WR 1 Jaden Gibson
63%
LB 7 Jaren Kanak
63%
HB 2 Javonte Barnes
63%
LB 10 Kip Lewis
63%
DE 32 R Mason Thomas
63%
HB 8 Taylor Tatum
63%
TE 10 Bauer Sharp
50%
DT 52 Damonic Williams
50%
DE 40 Ethan Downs
50%
DB 9 Gentry Williams
50%
WR 4 Nic Anderson
50%
DB 22 Peyton Bowen
50%
WR 5 Andrel Anthony
38%
WR 15 Brenen Thompson
38%
DT 56 Grace Halton
38%
WR 3 Jalil Farooq
38%
DB 15 Kendel Dolby
38%
DB 3 Robert Spears-Jennings
38%
DB 4 Dez Malone
25%
TE 87 Jake Roberts
25%
DB 26 Kani Walker
25%
LB 11 Kobie McKenzie
25%
DB 5 Woodi Washington
25%
DE 90 Caiden Woullard
13%
No matching quizzes found
Score Distribution
Percent of People with Each Score
Percentile by Number Answered
Your Score History
You have not taken this quiz